Academic Skills : (Record no. 17000)
[ view plain ]
| 000 -LEADER | |
|---|---|
| fixed length control field | 00603nam a22001817a 4500 |
| 008 - FIXED-LENGTH DATA ELEMENTS--GENERAL INFORMATION | |
| fixed length control field | 120913b2011 xxu||||| |||| 00| 0 eng d |
| 020 ## - INTERNATIONAL STANDARD BOOK NUMBER | |
| International Standard Book Number | 0194741915 |
| 020 ## - INTERNATIONAL STANDARD BOOK NUMBER | |
| International Standard Book Number | 9780194741910 |
| 082 ## - DEWEY DECIMAL CLASSIFICATION NUMBER | |
| Edition number | 22 |
| Classification number | 428.24 |
| Item number | PHI |
| 100 ## - MAIN ENTRY--PERSONAL NAME | |
| Personal name | Philpot, Sarah |
| 9 (RLIN) | 30906 |
| 245 ## - TITLE STATEMENT | |
| Title | Academic Skills : |
| Remainder of title | Listening, Speaking, and Study Skills / |
| Statement of responsibility, etc | Sarah Philpot |
| Number of part/section of a work | Level 2, |
| Name of part/section of a work | Teacher's Guide |
| 246 ## - VARYING FORM OF TITLE | |
| Title proper/short title | Headway academic skills |
| 260 ## - PUBLICATION, DISTRIBUTION, ETC. (IMPRINT) | |
| Place of publication, distribution, etc | Oxford : |
| Name of publisher, distributor, etc | Oxford University Press, |
| Date of publication, distribution, etc | c2011 |
| 300 ## - PHYSICAL DESCRIPTION | |
| Extent | 14.2 x 12.4 x 1 cm |
| 650 ## - SUBJECT ADDED ENTRY--TOPICAL TERM | |
| Topical term or geographic name as entry element | English language |
| General subdivision | Study and teaching |
| 9 (RLIN) | 30907 |
| 653 ## - INDEX TERM--UNCONTROLLED | |
| -- | ENG |
| -- | October2012 |
| 942 ## - ADDED ENTRY ELEMENTS (KOHA) | |
| Source of classification or shelving scheme | Dewey Decimal Classification |
| Item type | |
| Withdrawn status | Lost status | Source of classification or shelving scheme | Damaged status | Not for loan | Koha collection | Home library | Current library | Shelving location | Date acquired | Source of acquisition | Total Checkouts | Full call number | Barcode | Date last seen | Date last borrowed | Koha item type | Total Renewals | Cost, replacement price |
|---|---|---|---|---|---|---|---|---|---|---|---|---|---|---|---|---|---|---|
| Dewey Decimal Classification | Baccah | Central Library | Central Library | Second Floor | 13/09/2012 | 3 | 428.24 PHI | 000027112 | 24/08/2022 | 19/12/2013 | CD | DVD - (NB) | |||||||
| Dewey Decimal Classification | Baccah | Central Library | Central Library | Second Floor | 13/09/2012 | 2 | 428.24 PHI | 000027113 | 24/08/2022 | 02/10/2012 | CD | DVD - (NB) | 1 | ||||||
| Dewey Decimal Classification | Baccah | Central Library | Central Library | Second Floor | 21/10/2012 | 1 | 428.24 PHI | 000027747 | 24/08/2022 | 06/12/2012 | CD | DVD - (NB) | 60.00 | ||||||
| Dewey Decimal Classification | Baccah | Central Library | Central Library | Second Floor | 21/10/2012 | 428.24 PHI | 000027748 | 24/08/2022 | CD | DVD - (NB) | 60.00 | ||||||||
| Dewey Decimal Classification | Baccah | Central Library | Central Library | Second Floor | 21/10/2012 | 428.24 PHI | 000027749 | 24/08/2022 | CD | DVD - (NB) | 60.00 |